000 00480nam a2200181Ia 4500
001 31525
003 IN-NITTTR
005 20251114233422.0
008 251113s9999||||xx |||||||||||||| ||eng||
040 _beng
040 _cIN-NITTTR
041 _aeng
082 _a681 C936I
245 0 _aInstrumentation :
_b analytical chemistry by open learning /
_cCurrell, Graham, Chapman, Norman B., ed
700 _a Chapman, Norman B.
700 _aCurrell, Graham
942 _2ddc
_cBK
999 _c34155
_d34155